Statistics for Lana Del Rey - Music to Watch Boys To

Click here to take the quiz!

General Stats

  • This quiz has been taken 22 times
  • The average score is 298 of 368

Answer Stats

Answer% Correct
a
100%
(I
100%
I
100%
like
100%
Like
100%
lot)
100%
music
100%
on
100%
what
100%
while
100%
you
100%
boy
93%
boys
93%
I'm
93%
my
93%
play
93%
Play
93%
(So
93%
So
93%
the
93%
watch
93%
watching
93%
Always
87%
flamingos
87%
girls
87%
in
87%
know
87%
me
87%
only
87%
Pink
87%
Putting
87%
want)
87%
fascinated
80%
see
80%
Singing
80%
('Cause
73%
going
73%
grunge
73%
leave
73%
No
73%
soft
73%
to
73%
you're
73%
and
67%
And
67%
can
67%
destroy
67%
do
67%
guitars
67%
It
67%
just
67%
leaving
67%
Lies
67%
lies
67%
live
67%
love
67%
noise
67%
of
67%
one
67%
push
67%
ribbons
67%
soak
67%
that
67%
toys
67%
up
67%
all
60%
eternity
60%
felt
60%
gold
60%
Hoes
60%
holds
60%
It's
60%
never
60%
Nothing
60%
or
60%
Or
60%
right
60%
sent
60%
Velveteen
60%
akin
53%
anyway
53%
barred
53%
buy
53%
days
53%
game
53%
lemonade
53%
living
53%
record
53%
single
53%
summer
53%
was
53%
with
53%
(With
53%
yeah
53%
'em
47%
stay
47%
knots)
40%
sun
40%

Score Distribution

Percentile by Number Answered

Percent of People with Each Score

Your Score History

You have not taken this quiz